<?xml version="1.0" encoding="UTF-8"?>
<record
    xmlns:xsi="http://www.w3.org/2001/XMLSchema-instance"
    xsi:schemaLocation="http://www.loc.gov/MARC21/slim http://www.loc.gov/standards/marcxml/schema/MARC21slim.xsd"
    xmlns="http://www.loc.gov/MARC21/slim">

  <leader>00736cam a22002771  4500</leader>
  <controlfield tag="001">5969657</controlfield>
  <controlfield tag="003">NUST</controlfield>
  <controlfield tag="005">20240605121758.0</controlfield>
  <controlfield tag="008">721215s1939    xx            000 0 eng  </controlfield>
  <datafield tag="010" ind1=" " ind2=" ">
    <subfield code="a">   39004888 </subfield>
  </datafield>
  <datafield tag="020" ind1=" " ind2=" ">
    <subfield code="a">978-1852520038</subfield>
  </datafield>
  <datafield tag="035" ind1=" " ind2=" ">
    <subfield code="a">(OCoLC)518240</subfield>
  </datafield>
  <datafield tag="040" ind1=" " ind2=" ">
    <subfield code="a">DLC</subfield>
    <subfield code="c">OClU</subfield>
    <subfield code="d">DLC</subfield>
  </datafield>
  <datafield tag="042" ind1=" " ind2=" ">
    <subfield code="a">premarc</subfield>
  </datafield>
  <datafield tag="050" ind1="0" ind2="0">
    <subfield code="a">HF5353</subfield>
    <subfield code="b">.W7</subfield>
  </datafield>
  <datafield tag="082" ind1=" " ind2=" ">
    <subfield code="a">659.2</subfield>
    <subfield code="b">JEF</subfield>
  </datafield>
  <datafield tag="100" ind1="1" ind2=" ">
    <subfield code="a">Jefkins, Frank</subfield>
    <subfield code="9">468</subfield>
  </datafield>
  <datafield tag="245" ind1="1" ind2="0">
    <subfield code="a">Public relations for your business /</subfield>
    <subfield code="c">by Frank Jefkins.</subfield>
  </datafield>
  <datafield tag="260" ind1=" " ind2=" ">
    <subfield code="a">New York:</subfield>
    <subfield code="b">Excel Books,</subfield>
    <subfield code="c">1995</subfield>
  </datafield>
  <datafield tag="300" ind1=" " ind2=" ">
    <subfield code="a">189p.</subfield>
    <subfield code="c">21cm.</subfield>
  </datafield>
  <datafield tag="650" ind1=" " ind2="0">
    <subfield code="a">Business</subfield>
  </datafield>
  <datafield tag="650" ind1=" " ind2="0">
    <subfield code="a">Publicity</subfield>
    <subfield code="9">37528</subfield>
  </datafield>
  <datafield tag="650" ind1=" " ind2="0">
    <subfield code="a">Public Relations</subfield>
    <subfield code="9">469</subfield>
  </datafield>
  <datafield tag="906" ind1=" " ind2=" ">
    <subfield code="a">7</subfield>
    <subfield code="b">cbc</subfield>
    <subfield code="c">oclcrpl</subfield>
    <subfield code="d">u</subfield>
    <subfield code="e">ncip</subfield>
    <subfield code="f">19</subfield>
    <subfield code="g">y-gencatlg</subfield>
  </datafield>
  <datafield tag="942" ind1=" " ind2=" ">
    <subfield code="2">ddc</subfield>
    <subfield code="c">BK</subfield>
  </datafield>
  <datafield tag="999" ind1=" " ind2=" ">
    <subfield code="c">345006</subfield>
    <subfield code="d">345006</subfield>
  </datafield>
  <datafield tag="952" ind1=" " ind2=" ">
    <subfield code="0">0</subfield>
    <subfield code="1">0</subfield>
    <subfield code="2">ddc</subfield>
    <subfield code="4">0</subfield>
    <subfield code="7">0</subfield>
    <subfield code="a">CL</subfield>
    <subfield code="b">CL</subfield>
    <subfield code="c">ADV</subfield>
    <subfield code="d">2013-08-28</subfield>
    <subfield code="o">659.2 JEF</subfield>
    <subfield code="p">NBSD-606</subfield>
    <subfield code="r">2013-08-28</subfield>
    <subfield code="w">2013-08-28</subfield>
    <subfield code="y">BK</subfield>
  </datafield>
  <datafield tag="952" ind1=" " ind2=" ">
    <subfield code="0">0</subfield>
    <subfield code="1">0</subfield>
    <subfield code="2">ddc</subfield>
    <subfield code="4">0</subfield>
    <subfield code="7">0</subfield>
    <subfield code="a">CL</subfield>
    <subfield code="b">CL</subfield>
    <subfield code="c">ADV</subfield>
    <subfield code="d">2013-08-28</subfield>
    <subfield code="o">659.2 JEF</subfield>
    <subfield code="p">NBSD-605</subfield>
    <subfield code="r">2016-05-17</subfield>
    <subfield code="w">2013-08-28</subfield>
    <subfield code="y">BK</subfield>
  </datafield>
  <datafield tag="952" ind1=" " ind2=" ">
    <subfield code="0">0</subfield>
    <subfield code="1">0</subfield>
    <subfield code="2">ddc</subfield>
    <subfield code="4">0</subfield>
    <subfield code="7">0</subfield>
    <subfield code="a">CL</subfield>
    <subfield code="b">CL</subfield>
    <subfield code="c">ADV</subfield>
    <subfield code="d">2024-06-05</subfield>
    <subfield code="l">0</subfield>
    <subfield code="o">659.2 JEF</subfield>
    <subfield code="p">SEECS008975</subfield>
    <subfield code="r">2024-06-05</subfield>
    <subfield code="w">2024-06-05</subfield>
    <subfield code="y">BK</subfield>
  </datafield>
  <datafield tag="952" ind1=" " ind2=" ">
    <subfield code="0">0</subfield>
    <subfield code="1">0</subfield>
    <subfield code="2">ddc</subfield>
    <subfield code="4">0</subfield>
    <subfield code="7">0</subfield>
    <subfield code="a">CL</subfield>
    <subfield code="b">CL</subfield>
    <subfield code="c">ADV</subfield>
    <subfield code="d">2024-06-05</subfield>
    <subfield code="l">0</subfield>
    <subfield code="o">659.2 JEF</subfield>
    <subfield code="p">SEECS008976</subfield>
    <subfield code="r">2024-06-05</subfield>
    <subfield code="w">2024-06-05</subfield>
    <subfield code="y">BK</subfield>
  </datafield>
  <datafield tag="952" ind1=" " ind2=" ">
    <subfield code="0">0</subfield>
    <subfield code="1">0</subfield>
    <subfield code="2">ddc</subfield>
    <subfield code="4">0</subfield>
    <subfield code="7">0</subfield>
    <subfield code="a">CL</subfield>
    <subfield code="b">CL</subfield>
    <subfield code="c">ADV</subfield>
    <subfield code="d">2024-06-05</subfield>
    <subfield code="l">0</subfield>
    <subfield code="o">659.2 JEF</subfield>
    <subfield code="p">RCMS000701</subfield>
    <subfield code="r">2024-06-05</subfield>
    <subfield code="w">2024-06-05</subfield>
    <subfield code="y">BK</subfield>
  </datafield>
  <datafield tag="952" ind1=" " ind2=" ">
    <subfield code="0">0</subfield>
    <subfield code="1">0</subfield>
    <subfield code="2">ddc</subfield>
    <subfield code="4">0</subfield>
    <subfield code="7">0</subfield>
    <subfield code="a">CL</subfield>
    <subfield code="b">CL</subfield>
    <subfield code="c">ADV</subfield>
    <subfield code="d">2024-06-05</subfield>
    <subfield code="l">0</subfield>
    <subfield code="o">659.2 JEF</subfield>
    <subfield code="p">NBS2266</subfield>
    <subfield code="r">2024-06-05</subfield>
    <subfield code="w">2024-06-05</subfield>
    <subfield code="y">BK</subfield>
  </datafield>
  <datafield tag="952" ind1=" " ind2=" ">
    <subfield code="0">0</subfield>
    <subfield code="1">0</subfield>
    <subfield code="2">ddc</subfield>
    <subfield code="4">0</subfield>
    <subfield code="7">0</subfield>
    <subfield code="a">CL</subfield>
    <subfield code="b">CL</subfield>
    <subfield code="c">ADV</subfield>
    <subfield code="d">2024-06-05</subfield>
    <subfield code="l">0</subfield>
    <subfield code="o">659.2 JEF</subfield>
    <subfield code="p">SEECS000679</subfield>
    <subfield code="r">2024-06-05</subfield>
    <subfield code="w">2024-06-05</subfield>
    <subfield code="y">BK</subfield>
  </datafield>
</record>
